Страны-хозяйки Олимпийских игр - Statistics

General Stats
  • This quiz has been taken 52 times
    51 since last reset
  • The average score is 58 of 63
Answer Stats
Год Статус Город и страна % Correct
1900 летние Париж (Франция)
100%
1904 летние Сент-Луис (Соединённые Штаты Америки)
100%
1924 зимние Шамони (Франция)
100%
1924 летние Париж (Франция)
100%
1932 зимние Лейк-Плэсид (Соединённые Штаты Америки)
100%
1932 летние Лос-Анджелес (Соединённые Штаты Америки)
100%
1944 зимние (отменены из-за Второй Мировой войны) Кортина д'Ампеццо (Королевство Италия)
100%
1956 зимние Кортина д'Ампеццо (Италия)
100%
1960 зимние Скво-Велли (Соединённые Штаты Америки)
100%
1960 летние Рим (Италия)
100%
1968 зимние Гренобль (Франция)
100%
1980 зимние Лейк-Плэсид (Соединённые Штаты Америки)
100%
1984 летние Лос-Анджелес (Соединённые Штаты Америки)
100%
1992 зимние Альбервиль (Франция)
100%
1996 летние Атланта (Соединённые Штаты Америки)
100%
2002 зимние Солт-Лейк-Сити (Соединённые Штаты Америки)
100%
2006 зимние Турин (Италия)
100%
2008 летние Пекин (Китай)
100%
2022 зимние Пекин (Китай)
100%
2024 летние Париж (Франция)
100%
2026 зимние Милан, Кортина д'Ампеццо (Италия)
100%
2028 летние Лос-Анджелес (Соединённые Штаты Америки)
100%
2030 зимние Французские Альпы (Франция)
100%
1908 летние Лондон (Великобритания)
97%
1940 зимние (отменены из-за Второй Мировой войны) Саппоро (Японская империя)
97%
1940 летние (отменены из-за Второй Мировой войны) Токио (Японская империя)
97%
1944 летние (отменены из-за Второй Мировой войны) Лондон (Великобритания)
97%
1948 летние Лондон (Великобритания)
97%
1964 летние Токио (Япония)
97%
1972 зимние Саппоро (Япония)
97%
1998 зимние Нагано (Япония)
97%
2012 летние Лондон (Великобритания)
97%
2020 летние (перенесены на 2021-й год из-за пандемии COVID-19) Токио (Япония)
97%
1896 летние Афины (Королевство Греция)
94%
1976 летние Монреаль (Канада)
94%
1988 зимние Калгари (Канада)
94%
2004 летние Афины (Греция)
94%
2010 зимние Ванкувер (Канада)
94%
2014 зимние Сочи (Россия)
94%
1952 зимние Осло (Норвегия)
91%
1992 летние Барселона (Испания)
91%
1994 зимние Лиллехаммер (Норвегия)
91%
1912 летние Стокгольм (Швеция)
88%
1916 летние (отменены из-за Первой Мировой войны) Берлин (Германия)
88%
1936 летние Берлин (Нацистская Германия)
88%
1968 летние Мехико (Мексика)
88%
1980 летние Москва (Союз Советских Социалистических Республик)
88%
1988 летние Сеул (Республика Корея)
88%
2016 летние Рио-де-Жанейро (Бразилия)
88%
2018 зимние Пхёнчхан (Республика Корея)
88%
1936 зимние Гармиш-Партенкирхен (Нацистская Германия)
85%
1952 летние Хельсинки (Финляндия)
85%
1972 летние Мюнхен (Федеративная Республика Германии)
85%
1928 зимние Санкт-Мориц (Швейцария)
82%
1948 зимние Санкт-Мориц (Швейцария)
82%
1956 летние Мельбурн (Австралия)
82%
2000 летние Сидней (Австралия)
82%
2032 летние Брисбен (Австралия)
82%
1964 зимние Инсбрук (Австрия)
76%
1976 зимние Инсбрук (Австрия)
76%
1928 летние Амстердам (Нидерланды)
70%
1920 летние Антверпен (Бельгия)
67%
1984 зимние Сараево (Югославия)
55%
No matching quizzes found
Score Distribution
Percent of People with Each Score
Percentile by Number Answered
Your Score History
You have not taken this quiz since the last reset